Anagrammes des signes astrologiques (pour ceux qui en ont) - Statistiques

Statistiques générales
  • Ce quiz a été pris 33 fois
    15 depuis la dernière actualisation
  • Le résultat moyen est 2 sur 12
Statistiques - réponses
Hint Réponse % Correct
Lion Loin
85%
Cancer Cancre
62%
Lion Lino
31%
Bélier Libère
23%
Vierge Givrée
15%
Bélier Riblée
15%
Sagittaire Attigerais
0%
Balance Bancale
0%
Verseau Evasure
0%
Scorpion Picorons
0%
Verseau Raveuse
0%
Verseau Vareuse
0%
Aucun quiz correspondant
Distribution des résultats
% des personnes avec chaque résultat
Percentile par nombre de réponses
Votre historique - résultats
Vous n’avez pas pris ce quiz depuis la dernière actualisation